Studies in state and local public finance (Record no. 128619)
[ view plain ]
| 000 -LEADER | |
|---|---|
| fixed length control field | 01384nam a2200349Ia 4500 |
| 245 00 - TITLE STATEMENT | |
| Title | Studies in state and local public finance |
| 260 ## - PUBLICATION, DISTRIBUTION, ETC. (IMPRINT) | |
| Place of publication | Chicago : |
| Name of publisher | University of Chicago Press, |
| Year of publication | c1986. |
| 300 ## - PHYSICAL DESCRIPTION | |
| Number of Pages | ix, 236 p. : |
| Other physical details | ill. |
| 490 1# - SERIES STATEMENT | |
| Series statement | National Bureau of Economic Research project report |
| 650 #0 - SUBJECT ADDED ENTRY--TOPICAL TERM | |
| Topical Term | Finance, Public |
| Topical Term | Finance, Public |
| Topical Term | Local finance |
| 700 1# - ADDED ENTRY--PERSONAL NAME | |
| Personal name | Rosen, Harvey S. |
| 856 40 - ELECTRONIC LOCATION AND ACCESS | |
| Uniform Resource Identifier | http://site.ebrary.com/lib/rucke/Doc?id=10216933 |
No items available.
